Normal view
MARC view
- Lazaridis, Mihalis,
Entry Personal Name
001 - CONTROL NUMBER
- control field: 7317
003 - CONTROL NUMBER IDENTIFIER
- control field: NUST
005 - DATE AND TIME OF LATEST TRANSACTION
- control field: 20171215095059.0
008 - FIXED-LENGTH DATA ELEMENTS
- fixed length control field: 171215|| aca||aabn | a|a d
040 ## - CATALOGING SOURCE
- Original cataloging agency: NUST
- Transcribing agency: NUST
100 ## - HEADING--PERSONAL NAME
- Personal name: Lazaridis, Mihalis,
- Relator term: editor of compilation
670 ## - SOURCE DATA FOUND
- Source citation: Work cat.: (NUST)0: Aerosol science :
